Картирование потока создания ценности; Информационные технологии (IT) в контроле, управлении качеством и безопасности

Dettagli Bibliografici
Parent link:Информационные технологии (IT) в контроле, управлении качеством и безопасности.— 2019.— [С. 253-257]
Autore principale: Семеренко И. А. Иван Алексеевич
Ente Autore: Национальный исследовательский Томский политехнический университет
Altri autori: Капжаппарова Д. У. Дана Умиргалиевна
Riassunto:Заглавие с экрана
Статья посвящена обзору одного из инструментов бережливого производства - картирование потока создание ценности, позволяющему избавиться от лишних и ненужных потерь, которые появляются в процессе производства и управления.
The article is devoted to reviewing one of the tools of lean production - mapping the flow creating value, allowing you to get rid of unnecessary and unnecessary losses that appear in the process of production and management.
Lingua:russo
Pubblicazione: 2019
Soggetti:
Accesso online:http://earchive.tpu.ru/handle/11683/57593
Natura: MixedMaterials Elettronico Capitolo di libro
KOHA link:https://koha.lib.tpu.ru/cgi-bin/koha/opac-detail.pl?biblionumber=630796

MARC

LEADER 00000naa2a2200000 4500
001 630796
005 20231102024504.0
035 |a (RuTPU)RU\TPU\conf\32310 
035 |a RU\TPU\conf\32291 
090 |a 630796 
100 |a 20200123d2019 k y0rusy50 ca 
101 0 |a rus 
102 |a RU 
105 |a y z 101zy 
135 |a drcn ---uucaa 
181 0 |a i  
182 0 |a b 
200 1 |a Картирование потока создания ценности  |d Value stream mapping  |f И. А. Семеренко, Д. У. Капжаппарова 
203 |a Текст  |c электронный 
230 |a 1 компьютерный файл (pdf; 1 388 Кб) 
300 |a Заглавие с экрана 
320 |a [Библиогр.: с. 257 (5 назв.)] 
330 |a Статья посвящена обзору одного из инструментов бережливого производства - картирование потока создание ценности, позволяющему избавиться от лишних и ненужных потерь, которые появляются в процессе производства и управления. 
330 |a The article is devoted to reviewing one of the tools of lean production - mapping the flow creating value, allowing you to get rid of unnecessary and unnecessary losses that appear in the process of production and management. 
463 0 |0 (RuTPU)RU\TPU\conf\32128  |t Информационные технологии (IT) в контроле, управлении качеством и безопасности  |o сборник научных трудов VIII Международной конференции школьников, студентов, аспирантов, молодых ученых "Ресурсоэффективные системы в управлении и контроле: взгляд в будущее", 7 -12 октября 2019 г., г. Томск  |f Национальный исследовательский Томский политехнический университет (ТПУ)  |v [С. 253-257]  |d 2019 
510 1 |a Value stream mapping  |z eng 
610 1 |a электронный ресурс 
610 1 |a труды учёных ТПУ 
610 1 |a потери 
610 1 |a картирование 
610 1 |a ценности 
610 1 |a эффективность процесса 
610 1 |a производственные процессы 
610 1 |a бережливое производство 
610 1 |a loss 
610 1 |a mapping the value stream 
610 1 |a efficiency of the production process 
610 1 |a lean production 
700 1 |a Семеренко  |b И. А.  |g Иван Алексеевич 
701 1 |a Капжаппарова  |b Д. У.  |g Дана Умиргалиевна 
712 0 2 |a Национальный исследовательский Томский политехнический университет  |c (2009- )  |2 stltpush  |3 (RuTPU)RU\TPU\col\15902  |9 26305 
801 2 |a RU  |b 63413507  |c 20200128  |g RCR 
856 4 |u http://earchive.tpu.ru/handle/11683/57593 
942 |c BK